Canada
| Format: | Book |
|---|---|
| Published: |
Singapore :
Insight Guides ,
2005
|
| Subjects: |
MARC
| LEADER | 00000cam a2200000 7i4500 | ||
|---|---|---|---|
| 001 | 0000053859 | ||
| 005 | 20151028.0 | ||
| 008 | 151027 | ||
| 020 | |a 9814120707 | ||
| 090 | 0 | 0 | |a 900 |b INS |
| 245 | 1 | 0 | |a Canada |
| 260 | |a Singapore : |b Insight Guides , |c 2005 | ||
| 300 | |a 416pg. | ||
| 500 | |a Includes Index | ||
| 650 | 0 | |a Canada | |
| 999 | |a 0000948405 |b Book |c Adult Collection |e Cawangan Tangkak | ||